Derecho Constitucional: Introducción-interpretación. Defensa jurídica de la Constitución

محفوظ في:
التفاصيل البيبلوغرافية
المؤلف الرئيسي: Risso Ferrand, Martín J (مؤلف)
التنسيق: كتاب
اللغة:الإسبانية
منشور في: Montevideo Ingranusi 1996
الطبعة:1a. ed
الموضوعات:
الوسوم: إضافة وسم
لا توجد وسوم, كن أول من يضع وسما على هذه التسجيلة!

MARC

LEADER 00000nam a2200000 a 4500
001 UCG2013
003 CL-VaPUC
008 100603e19960000UY |||||||||||||||||spa|d
082 0 4 |a 342  |b RIS  |2 21 
100 0 |a Risso Ferrand, Martín J  |e author  |9 550195 
245 1 0 |a Derecho Constitucional: Introducción-interpretación. Defensa jurídica de la Constitución 
250 |a 1a. ed 
300 |a t 
942 |c BK 
945 |d 20100603 00:00:00  |a dcastane 
260 |a Montevideo  |b Ingranusi  |c 1996 
650 0 |a Ciudadanía  |9 258339 
650 0 |a Constitución uruguaya  |9 437396 
650 0 |a Derecho constitucional   |9 222588 
650 0 |a Estado de derecho  |9 257795 
650 7 |a ESTADO SOCIAL  |2 CL-VaPUC  |9 383948 
650 0 |a Nacionalidad  |9 357571 
651 0 |a Uruguay  |9 255194 
583 |a last modification  |c 20100603 00:00:00  |k Rodrigo Vera 
999 |c 341256  |d 341254 
952 |0 0  |1 0  |4 0  |6 342_000000000000000_RIS_1996  |7 0  |8 A  |9 436628  |a BIBDER  |b BIBDER  |d 2019-11-22  |h t.1  |i 4683889  |o 342 RIS 1996  |p 4683889  |r 2023-01-25  |w 2019-11-22  |y BK  |k DER